|
|
|
|
| LEADER |
00000nam a2200000 a 4500 |
| 001 |
vtls001427840 |
| 003 |
SK-MaSNL |
| 005 |
20260331204422.0 |
| 008 |
240226s2001 HU r y slo |
| 015 |
|
|
|a SNBZSA2002-00105
|
| 035 |
|
|
|a SNK000382824
|
| 035 |
|
|
|a urn:nbn:sk:snk-amlu0m
|
| 035 |
|
|
|a urn:nbn:sk:snk-am00cbtr
|
| 035 |
|
|
|a C549C0A7-A4E4-42DE-BE6F-B00CFFE3232B
|
| 040 |
|
|
|a SNK
|b slo
|c SNK
|e AACR2
|
| 041 |
0 |
|
|a slo
|
| 044 |
|
|
|a HU
|
| 080 |
|
|
|a 05(439)"1966/1990":014.3=945.11=854
|2 1981
|
| 080 |
|
|
|a 014.3:05(439)"1966/1990"=945.11=854
|2 1981
|
| 100 |
1 |
|
|a Krupa, Ondrej,
|d 1934-2015
|4 com
|9 263987
|
| 245 |
1 |
0 |
|a A Békési Élet közművelődési - tudományos folyóirat szlovák anyaga (1966-1990)
|c Kovács Mária (1966-1985), Hotoránné Fekete Gabriella (1986-1990) repertóriuma alapján összeállította: Krupa András = na základe repertórií časopisu spracovaných Máriou Kovácsovou (1966-1985) a Hotoránné Fekete Gabrielou zostavil Ondrej Krupa
|
| 246 |
1 |
0 |
|a Slovenský materiál osvetového a vedeckého časopisu Békési Élet
|
| 260 |
|
|
|a Békéscsaba
|b Magyarországi Szlovákok Kutatóintézete
|c 2001
|
| 300 |
|
|
|a [105] s.
|c 30 cm
|
| 500 |
|
|
|a Súbež. názov, vydav. údaje a predslov slov. Text čiast. slov.
|
| 504 |
|
|
|a Men., topogr. a vec. reg.
|
| 650 |
0 |
7 |
|a Békési let (časopis)
|x články slovacikálne
|x bibliografie výberové
|2 SNK
|9 66303
|
| 650 |
0 |
7 |
|a bibliografie článkové
|x bibliografie zahraničnoslovacikálne
|x Békési let (časopis)
|2 SNK
|9 527310
|
| 650 |
0 |
7 |
|a bibliografie výberové
|x Békési let (časopis)
|2 SNK
|9 527311
|
| 655 |
|
7 |
|a neperiodické bibliografie
|2 SNK
|9 60408
|
| 700 |
1 |
|
|a Kovácsová, Mária
|4 com
|4 aut
|9 527312
|
| 700 |
1 |
|
|a Hotoránné Fekete, Gabriella
|4 com
|4 aut
|9 527313
|
| 710 |
0 |
|
|a Výskumný ústav Slovákov v Maďarsku (Békešská Čaba, Maďarsko)
|4 pbl
|9 82328
|
| 752 |
|
|
|a Maďarsko
|d Békešská Čaba
|
| 958 |
|
|
|a ZS
|
| 958 |
|
|
|a TL
|
| 958 |
|
|
|a SF
|
| 958 |
|
|
|a KL
|
| 958 |
|
|
|a HU
|
| 958 |
|
|
|a OND
|
| 999 |
|
|
|c 813704
|d 815634
|
| 952 |
|
|
|a SNK
|b SNK
|y VYP
|7 0
|p 17A0664520
|o snkSB 64944 D1
|i snk2010/13405
|8 2
|g 2.53
|0 0
|1 0
|4 0
|d 2010-04-30
|l 0
|r 2026-02-24 02:43:16
|w 2026-02-24
|
| 952 |
|
|
|t P60, <03>, [BOOK], {603}
|a SNK
|b SNK
|y PREZ
|7 0
|p 17A0325721
|o snkSB 64944
|i snkD 205/2002
|0 0
|1 0
|4 0
|d 2002-01-25
|f 1
|l 0
|r 2017-06-30 00:00:00
|w 2026-02-24
|